Um país à espera de nascer (Registo nº 6042)

Detalhes MARC
000 -Etiqueta do registo
Valores 01050nam a2200217 4500
010 ## - Número ISBN
ISBN 9789895543403
021 ## - Número do Depósito Legal
Número 264428/07
100 ## - Dados gerais de processamento
Dados gerais 20251001d2007 a y0pory5003 ba
200 1# - Titulo e menção de responsabilidade
Título próprio Um país à espera de nascer
Informação de outro título primeiros povos
Primeira menção de responsabilidade Paula Cardoso Almeida
Outras menções de responsabilidade il. de Carla Nazareth
210 ## - Publicação
Local de publicação Matosinhos
Nome do editor Quidnovi
Data de publicação 2007
215 ## - Descrição física 
Paginação / Volumes 30p.
Outras indicações físicas il.
225 2# - Colecção 
Título próprio da colecção História de Portugal
Indicação de volume 1
330 ## - Sumário ou Resumo
Texto da nota Há muito, muito tempo, quando Portugal ainda não era Portugal, os nossos antepassados ocuparam grande parte do território onde hoje vivemos. Chamavam-se Lusitanos e passaram a viver na Lusitânia.<br/>Viveram felizes e sossegados durante vários anos até que um dia os romanos quiseram ampliar o seu império e decidiram invadir a Península Ibérica.<br/>Começou, então, o tempo das guerras. Um tempo que durou muitos séculos
606 ## - Nome comum usado como assunto
ID Autoridade 988
Palavra de ordem História de Portugal
675 ## - CDU
Notação 946.9
Edição BN
Língua por
700 ## - Autor principal (pessoa individual)
Apelido Almeida
Nome Paula Cardoso
ID Autoridade 5736
801 #0 - Fonte de origem
País PT
Agência BEN2VN
Regras de catalogação RPC
830 ## - Notas gerais do catalogador
Criado por Tânia Croca
Data de criação 01/10/2025
990 ## - Elementos KOHA
Tipo de documento Livro
Exemplares
Situação do levantamento Biblioteca de origem Código de barras Cota Permissão de empréstimo Tipo de documento Forma de aquisição
  Biblioteca Escola Nº2 Vendas Novas 100000030381 VT POR/PAI   Livro  

Powered by Koha